000
00287nam a22001337a 4500
008
181022b xxu||||| |||| 00| 0 eng d
020
_a
1748381118004
041
_a
eng
080
_a
316
100
_a
50
101
_a
soc
245
_a
Who Built America
_c
Gutman.h
942
_2
udc
_c
BK
999
_c
50349
_d
50349